000
00258 a2200109 4500
001
51220
040
_c
Anchieta - Pituba
240
1
0
_a
Fickende Fische
_l
245
1
0
_a
Fickende Fische
650
4
_a
Línguas germânicas (teutônicas) língua alemã
942
_c
MX
999
_c
51220
_d
51220